=LDR 00000nam 2200000 4500 =001 INLIS000000000002754 =005 20130612091057 =008 ***********************************Ind** =035 ##$$0010-061300000002754 =041 ##$$a Ind =082 ##$$a 2X3.541 =090 ##$$a 2X3.541, Asy k =100 ##$$a Asyur, Abdul Latif =245 ##$$a Kenikmatan dunia hanya sedikit dibanding akhirat, Abdul Latif Asyur; Penyunting, Ibnu Hasan =260 ##$$a 2000 $b Jakarta =300 ##$$a 188 hlm, 21 cm =650 ##$$a Surga =700 ##$$a Hasan, Ibnu =850 ##$$a NBPNMAT